South Africa Area Codes - Map Quiz - Statistics

General Stats
  • This quiz has been taken 244 times
  • The average score is 17 of 36
Answers on the Map
Answers color-coded by a green-red scale on the quiz's map according to % correct below.
 
Answer Stats
Answer % Correct
21
72%
11
70%
23
66%
22
64%
31
63%
12
57%
18
55%
33
55%
16
54%
27
54%
39
54%
15
52%
41
51%
13
49%
14
49%
28
49%
40
49%
53
49%
17
48%
32
48%
34
48%
51
48%
35
46%
36
45%
54
42%
42
39%
44
39%
45
39%
48
36%
49
36%
57
34%
58
34%
47
33%
56
33%
43
31%
46
31%
No matching quizzes found
Score Distribution
Percent of People with Each Score
Percentile by Number Answered
Your Score History
You have not taken this quiz